Cebada cervecera /
Guardado en:
| Autor Principal: | |
|---|---|
| Formato: | Libro |
| Publicado: |
Buenos Aires :
Universidad de Buenos Aires/facultad de Agronomía,
2011
|
| Materias: | |
| Etiquetas: |
Agregar Etiqueta
Sin Etiquetas, Sea el primero en etiquetar este registro!
|
| LEADER | 01610nam a22001815a 4500 | ||
|---|---|---|---|
| 001 | CEM.cems017939 | ||
| 005 | 20121214122623.0 | ||
| 008 | 130507s2011##################000#0#####d | ||
| 003 | CEMS | ||
| 020 | |a 9789879260845 | ||
| 082 | 0 | 4 | |a 633.16 |
| 100 | 1 | |a Miralles, Daniel J. | |
| 245 | 1 | 0 | |a Cebada cervecera / |c Daniel J. Miralles, Roberto L. Benech-arnold y L. Gabriela Abeledo |
| 260 | |a Buenos Aires : |b Universidad de Buenos Aires/facultad de Agronomía, |c 2011 | ||
| 300 | |a 284 p. | ||
| 505 | 0 | |a Desarrollo ontogénico y generación del rendimiento / Daniel J. Miralles, S. Arisnabarreta y I. Alzueta -- Nutrición mineral y fertilización / Pablo Prystupa y G. Ferraris -- Manejo de la fecha de la siembra y la densidad / Leonor G. Abeledo, I. Alzueta y D. J: Miralles -- Manejo de malezas / Julio A. Scursoni y R. L. Benech-Arnold -- Aspectos ecofisiológicos para el manejo de enfermedades foliares / Román A. Serrago, R. Carretero y D. J: Miralles -- Enfermedades del cultivo, importancia, síntomas y manejo integrado / Marcelo A. Carmona, D. Barreto y A. M. Romero -- Implicancias de la dormición en la producción y utilización del cultivo / Nicolás A. Gualano, P. A. Del Fueyo, G. M. Mendiondo, R. I. Benech-Arnold y M. V. Rodríguez -- Los requerimientos de la industria: calidad comercial e industrial y sus determinantes / Roxana Savin y A. Aguinaga -- Mejoramiento genético de cebada cervecera / Hugo N. Savio y A.A. Aguinaga -- Los mercados de cebada cervecera en la Argentina y el mundo / Mario Cattáneo | |
| 653 | |a Cebada cervecera | ||
| 859 | |a CEMS |b BIB. CEMS - Agricultura |h 633.16 |i M672 |p A1761.12 |t Ej.1 | ||
